LIBRARY & INFORMATION CENTRE, KCAET, TAVANUR

ONLINE PUBLIC ACCESS CATALOGUE (OPAC)

Rajaniti (Record no. 634)

MARC details
000 -LEADER
fixed length control field 00425cam a2200181ua 4500
041 ## - LANGUAGE CODE
Language code of text/sound track or separate title mal
082 ## - DEWEY DECIMAL CLASSIFICATION NUMBER
Classification number 320.01
Item number MAC/RA
100 ## - MAIN ENTRY--AUTHOR NAME
Personal name Machiavelli, .
245 ## - TITLE STATEMENT
Title Rajaniti
260 ## - PUBLICATION, DISTRIBUTION, ETC. (IMPRINT)
Place of publication Eranamkulam :
Name of publisher Sahitya Parishad Co Operative Society Limited ,
Year of publication 1959.
300 ## - PHYSICAL DESCRIPTION
Number of Pages 171 ; .
942 ## - ADDED ENTRY ELEMENTS (KOHA)
Koha item type Books
Holdings
Withdrawn status Lost status Damaged status Home library Current library Date acquired Full call number Accession Number Koha item type
Withdrawn     KAUAET KAUAET 07/04/2012 320.01 2618 Books
Withdrawn     KAUAET Malayalam University 07/04/2012 320.01 1040 Books
free website counter